[Event "TCh-HUN 2007-8"]
[Site "Budapest HUN"]
[Date "2008.03.30"]
[Round "9"]
[White "Grecescu,G"]
[Black "Horvath,Ad1"]
[Result "0-1"]
[WhiteElo "2396"]
[BlackElo "2501"]

1.c4 e5 2.g3 Nf6 3.Bg2 d5 4.cxd5 Nxd5 5.Nf3 Nc6 6.O-O Nb6 7.Nc3 Be7 8.a4 a5
9.d3 Be6 10.Be3 Nd5 11.Nxd5 Bxd5 12.Rc1 O-O 13.Nd2 Bxg2 14.Kxg2 Nd4 15.Bxd4 exd4
16.Qb3 Bb4 17.Nf3 Re8 18.Rc2 Ra6 19.Rfc1 c5 20.h4 h6 21.Nd2 Rae6 22.Ne4 b6
23.g4 Qxh4 24.f3 Be1 25.Qd5 g6 26.Rxe1 Qxe1 27.b3 Kg7 28.Ng3 Rxe2+ 29.Rxe2 Rxe2+
30.Nxe2 Qxe2+ 31.Kg3 Qe6  0-1

[Event "TCh-ISR"]
[Site "Israel ISR"]
[Date "2008.04.05"]
[Round "7"]
[White "Grinshpun,E"]
[Black "Gershkowich,D"]
[Result "1/2-1/2"]
[WhiteElo "2425"]
[BlackElo "2323"]

1.c4 e5 2.g3 Nf6 3.Bg2 Nc6 4.Nc3 g6 5.d3 Bg7 6.Rb1 a5 7.a3 O-O 8.b4 axb4
9.axb4 Ne7 10.Bg5 h6 11.Bxf6 Bxf6 12.e3 c6 13.Nge2 d5 14.cxd5 cxd5 15.d4 exd4
16.Nxd4 Qc7 17.Rc1 Qd6 18.b5 h5 19.O-O h4 20.Qf3 hxg3 21.hxg3 Bxd4 22.exd4 Ra3
23.Ra1 Bg4 24.Qxg4 Rxc3 25.Rfe1 Qf6 26.Re5 Rb3 27.Rae1 Nf5 28.Rxd5 Rd8 29.Ree5 Rb1+
30.Kh2 Rxd5 31.Rxd5 Rb4 32.Qf4 Kg7 33.Rd7 Rxb5 34.Bxb7 Nxd4 35.Bd5 Ne6 36.Qxf6+ Kxf6
37.f4 g5 38.f5 Kxf5 39.Rxf7+ Ke5 40.Bxe6  1/2-1/2

[Event "Gausdal Classics GMB"]
[Site "Gausdal NOR"]
[Date "2008.04.16"]
[Round "9"]
[White "Lie,Es"]
[Black "Rotstein,A"]
[Result "0-1"]
[WhiteElo "2440"]
[BlackElo "2528"]

1.c4 e5 2.g3 d6 3.Bg2 f5 4.Nc3 Nf6 5.d3 Be7 6.e4 fxe4 7.dxe4 O-O 8.Nge2 Qe8
9.f3 Be6 10.b3 a6 11.Nd5 Bd8 12.Be3 Nbd7 13.Nec3 c6 14.Nxf6+ Rxf6 15.Qxd6 Bxc4
16.Qd2 Be6 17.O-O Bb6 18.Na4 Bxe3+ 19.Qxe3 Qh5 20.Rf2 Raf8 21.Nc5 Nxc5 22.Qxc5 Rh6
23.Bh1 Rd8 24.Qc2 Bf7 25.Rd1 Rhd6 26.Rxd6 Rxd6 27.Rd2 Qh6 28.Rd3 Rd4 29.f4 Qd6
30.fxe5 Qd8 31.Rxd4 Qxd4+ 32.Qf2 Qa1+ 33.Kg2 Qxe5 34.Qf4 Qb2+ 35.Kf3 h6 36.Qb8+ Kh7
37.Qxb7 Bh5+ 38.g4 Qc3+ 39.Kf2 Bxg4 40.Qxa6 h5 41.Bg2 Qd2+ 42.Kf1 h4 43.e5 Qf4+
44.Kg1 Qe3+ 45.Kf1 Bf5  0-1

[Event "3rd Open"]
[Site "Angers FRA"]
[Date "2008.04.25"]
[Round "1"]
[White "Broin,C"]
[Black "Bremond,E"]
[Result "1-0"]
[WhiteElo "1757"]
[BlackElo "2228"]

1.c4 e5 2.g3 Nf6 3.Bg2 d5 4.cxd5 Nxd5 5.Nc3 Be6 6.Nf3 Nc6 7.O-O Be7 8.a3 O-O
9.Qc2 Qd7 10.Nxd5 Bxd5 11.b4 Nd4 12.Nxd4 Bxg2 13.Kxg2 exd4 14.Bb2 Qd5+ 15.Kg1 Bd6
16.Qd3 Be5 17.e4 Qd7 18.f4 Bf6 19.e5 Be7 20.Qxd4 Qb5 21.Rac1 Rad8 22.Qf2 c5
23.d4 cxb4 24.axb4 Bxb4 25.Rfd1 Rc8 26.f5 a5 27.Qg2 Qd7 28.g4 b5 29.d5 Rfd8
30.Rxc8 Rxc8 31.Qe2 a4 32.e6 fxe6 33.fxe6 Qb7 34.Qe5 Bc5+ 35.Bd4 Bxd4+ 36.Rxd4 Rc1+
37.Kg2 Rc2+ 38.Kg3 Qc7 39.Qxc7 Rxc7 40.d6 Rc3+ 41.Kf4 Rc4 42.Rxc4 bxc4 43.d7  1-0

[Event "3rd Open"]
[Site "Angers FRA"]
[Date "2008.04.25"]
[Round "2"]
[White "Serafimov,Di"]
[Black "Primel,D"]
[Result "1/2-1/2"]
[WhiteElo "2190"]
[BlackElo "1989"]

1.c4 e5 2.g3 Nf6 3.Bg2 d5 4.cxd5 Nxd5 5.Nc3 Nb6 6.Nf3 Nc6 7.Rb1 Be7 8.b4 a6
9.a4 f6 10.b5 axb5 11.axb5 Nd4 12.O-O O-O 13.e3 Nxf3+ 14.Qxf3 f5 15.d4 e4
16.Qd1 Be6 17.f3 Bc4 18.Re1 Bd3 19.fxe4 Bxb1 20.Qb3+ Kh8 21.Qxb1 fxe4 22.Bxe4 Ba3
23.Bxb7 Qf6 24.Qc2 Bxc1 25.Rxc1 Rae8 26.Ne4 Qf3 27.Re1 Qf5 28.Bc6 Nd5 29.Bxd5 Qxd5
30.Nc5 Rf3 31.Qd2 Ref8 32.Nd3 Qxb5 33.Nf4 g5 34.Nd3 Qf5 35.Qe2 Qe4 36.Nc5 Qd5
37.Nd3 Qe4 38.Nc5 Qd5  1/2-1/2

[Event "XXI Open"]
[Site "Benidorm ESP"]
[Date "2008.04.30"]
[Round "6"]
[White "Suba,M"]
[Black "Mikhalevski,V"]
[Result "1/2-1/2"]
[WhiteElo "2487"]
[BlackElo "2597"]

1.c4 e5 2.g3 c6 3.d4 e4 4.Nc3 d5 5.cxd5 cxd5 6.Qb3 Nc6 7.Qxd5 Qxd5 8.Nxd5 Nxd4
9.Nc7+ Kd8 10.Nxa8 Nc2+ 11.Kd1 Nxa1 12.Bh3 Bc5 13.Bg5+ Nf6 14.Bxf6+ gxf6
15.e3 Ke7 16.Nc7 Rd8+ 17.Kc1 Bb4 18.Nb5 Be6 19.Bxe6 fxe6 20.Nc3 Bxc3 21.bxc3 b5
22.Nh3 e5 23.Kb2 Rd2+ 24.Kxa1 Kd6 25.g4 h6 26.Rb1 Kc5 27.a4 bxa4 28.Rb4 Rd1+
29.Kb2 Rh1 30.Rxa4 Rxh2 31.Ra6 Rxh3 32.Rxf6 Kc4 33.Kc2 Rf3 34.Rc6+ Kd5 35.Rxh6 Rxf2+
36.Kb3 Rf3 37.Kb4 a5+ 38.Kb5 Rxe3 39.c4+ Kd4 40.Rd6+ Kc3 41.c5 Rd3 42.c6 Rxd6
43.c7 Rd5+ 44.Kb6 Rd6+ 45.Kb5 Kd4  1/2-1/2

[Event "26th Liechtenstein Open"]
[Site "Triesen LIE"]
[Date "2008.05.02"]
[Round "8"]
[White "Benes,Pe1"]
[Black "Peredy,F"]
[Result "0-1"]
[WhiteElo "2138"]
[BlackElo "2268"]

1.c4 e5 2.g3 c6 3.d4 Bb4+ 4.Nc3 d6 5.Bg2 Qe7 6.Nf3 Nf6 7.O-O O-O 8.Bd2 Bg4
9.a3 Bxc3 10.Bxc3 e4 11.Ne1 Re8 12.Nc2 d5 13.Ne3 Be6 14.b3 Qd7 15.f4 Ng4
16.Nc2 dxc4 17.bxc4 Bxc4 18.f5 Na6 19.h3 Nf6 20.Ne3 Nd5 21.Qd2 Nxc3 22.Qxc3 Bxe2
23.Rf2 Bf3 24.Rb1 Rad8 25.Rd2 b6 26.Bf1 Nc5 27.Kh2 Nd3 28.d5 cxd5 29.Qd4 Qe7
30.Rb5 Qe5 31.Qa4 Nc5 32.Qxa7 Qc3 33.Rc2 Qxe3 34.Qxb6 d4 35.Qxc5 Qg5 36.h4 Qf6
37.Qb4 h5 38.Rcc5 e3 39.Bd3 e2 40.Rc1 Re3 41.Qb1 Qd6 42.Rb6 Qe5 43.Rb5 Bd5  0-1

[Event "XXI Open"]
[Site "Benidorm ESP"]
[Date "2008.05.03"]
[Round "9"]
[White "Karlsson,L"]
[Black "Paunovic,D"]
[Result "1/2-1/2"]
[WhiteElo "2475"]
[BlackElo "2532"]

1.g3 e5 2.c4 Nf6 3.Bg2 c6 4.d4 exd4 5.Qxd4 Na6 6.Nf3 Bc5 7.Qd1 O-O 8.O-O Ne4
9.Nfd2 Nf6 10.Nc3 Be7 11.Nde4 Nxe4 12.Nxe4 d5 13.cxd5 cxd5 14.Nc3 d4 15.Nd5 Nb4
16.Qxd4 Nxd5 17.Qxd5 Qb6 18.Be3 Qxb2 19.Bd4 Qa3 20.e3 a5 21.Rfc1 Be6 22.Qxb7 Rab8
23.Qa6 Rfc8 24.Rxc8+ Rxc8 25.h4 h6 26.Qb7 Bd6 27.Be4 a4 28.Kg2 Qb4 29.Qa6 Bf8
30.Rb1 Qe7 31.Kh2 a3 32.Rb7 Qe8 33.Bb1 Bc4 34.Qa5 Be6 35.Qb5 Qxb5 36.Rxb5 Rc1
37.Rb8 f5 38.Be5 Kf7 39.Rb7+ Kg8 40.Rb8 Kf7 41.Rb7+ Kg8 42.Rb8 Bc8  1/2-1/2

[Event "Kaupthing Open"]
[Site "Differdange LUX"]
[Date "2008.05.11"]
[Round "2"]
[White "Johannesson,I"]
[Black "Siebrecht,S"]
[Result "0-1"]
[WhiteElo "2344"]
[BlackElo "2490"]

1.c4 e5 2.g3 Nf6 3.Bg2 c6 4.d4 Bb4+ 5.Bd2 Bxd2+ 6.Qxd2 d6 7.e3 O-O 8.Ne2 Bg4
9.Nbc3 Bxe2 10.Nxe2 a5 11.O-O Nbd7 12.Rab1 Qc7 13.Nc3 Rfe8 14.Rfd1 h6 15.Qd3 Nf8
16.b3 Qe7 17.a3 e4 18.Qd2 d5 19.cxd5 cxd5 20.Nb5 Qd7 21.Qe2 Rec8 22.Rbc1 Rc6
23.Qf1 Ne6 24.Bh3 h5 25.Nc3 Ng4 26.Na4 Ng5 27.Bg2 Rf6 28.Rc2 Nxe3 29.fxe3 Rxf1+
30.Rxf1 Qb5 31.Rc3 Re8 32.Rf2 Qd7 33.Nb6 Qe6 34.Na4 b5 35.Nc5 Qg4 36.Rc1 h4  0-1

[Event "43rd Capablanca Memorial Open"]
[Site "Havana CUB"]
[Date "2008.05.12"]
[Round "5"]
[White "Glud,J"]
[Black "Alonso Moyano,J"]
[Result "0-1"]
[WhiteElo "2456"]
[BlackElo "2385"]

1.c4 e5 2.g3 Nc6 3.Bg2 f5 4.Nc3 Nf6 5.e3 Bb4 6.Nd5 a5 7.Ne2 Nxd5 8.cxd5 Ne7
9.a3 Bd6 10.d4 e4 11.Nc3 O-O 12.g4 c6 13.Qb3 Kh8 14.gxf5 cxd5 15.Nxd5 Nxf5
16.Bd2 Qh4 17.O-O-O b5 18.Nb6 Rb8 19.Nxc8 Rbxc8+ 20.Kb1 a4 21.Qd5 Qxf2 22.Qxe4 Nh4
23.Bh3 Nf3 24.Bc1 Ng5 25.Qg2 Nxh3 26.Qxh3 Qc2+ 27.Ka1 b4 28.Qxd7 bxa3 29.Qxd6 axb2+
30.Bxb2 a3 31.Qxa3 Ra8 32.Rc1 Qb3 33.Qxa8 Rxa8+ 34.Kb1 Qa2+ 35.Kc2 h6 36.Rb1 Qc4+
37.Kd2 Rf8  0-1

[Event "11th IHEM"]
[Site "Hamburg GER"]
[Date "2008.05.13"]
[Round "4"]
[White "Bente,B"]
[Black "Schulz,HJ"]
[Result "1-0"]
[WhiteElo "2252"]
[BlackElo "2003"]

1.c4 e5 2.g3 Nf6 3.Bg2 d5 4.cxd5 Nxd5 5.Nf3 Nc6 6.O-O Be7 7.d4 e4 8.Ne5 Bf5
9.Nxc6 bxc6 10.Nc3 Nxc3 11.bxc3 O-O 12.Qc2 Qd5 13.Be3 Qe6 14.Rfd1 Rfe8 15.Rab1 h6
16.Rb7 Rec8 17.c4 Bd6 18.Qa4 Bg4 19.Rd2 Qe8 20.c5 Bf8 21.Qa6 Rab8 22.Rdb2 Rxb7
23.Qxb7 Qe6 24.Qxa7 Qc4 25.Qa3 Rd8 26.Bxe4 Bxe2 27.Rc2 Qe6 28.Rxe2 Qxe4 29.Qb2 Bxc5
30.Bg5 Qxd4 31.Bxd8 Qd1+ 32.Kg2 Qd5+ 33.f3 Qxd8 34.Qc3 Qd6 35.Re8+ Kh7 36.Qc2+ g6
37.Qe2 Qd4 38.Qe5 Qf2+ 39.Kh3 Qf1+ 40.Kh4 g5+ 41.Kg4 h5+ 42.Kxg5 Qc1+ 43.f4 f6+
44.Qxf6  1-0

[Event "Kaupthing Open"]
[Site "Differdange LUX"]
[Date "2008.05.16"]
[Round "8"]
[White "D'Costa,L"]
[Black "Kristjansson,St"]
[Result "1/2-1/2"]
[WhiteElo "2410"]
[BlackElo "2485"]

1.c4 e5 2.g3 Nf6 3.Bg2 Nc6 4.Nc3 Bb4 5.e4 Bxc3 6.bxc3 d6 7.Ne2 Be6 8.d3 a6
9.a4 Na5 10.f4 Bg4 11.Ra2 Nd7 12.h3 Bxe2 13.Qxe2 Qe7 14.O-O O-O-O 15.Be3 Kb8
16.Rb1 f6 17.Kh2  1/2-1/2

[Event "11th IHEM"]
[Site "Hamburg GER"]
[Date "2008.05.16"]
[Round "8"]
[White "Bente,B"]
[Black "Colpe,M"]
[Result "1/2-1/2"]
[WhiteElo "2252"]
[BlackElo "2089"]

1.c4 e5 2.g3 Nf6 3.Bg2 Nc6 4.Nc3 Bb4 5.Nd5 Bc5 6.a3 a5 7.e3 d6 8.Ne2 Nxd5
9.cxd5 Ne7 10.O-O Bg4 11.h3 Bxe2 12.Qxe2 O-O 13.b3 c6 14.Qd3 Qd7 15.dxc6 bxc6
16.Bb2 Qe6 17.Rac1 Rab8 18.Rc4 Rb6 19.f4 Rfb8 20.fxe5 Rxb3 21.Bc3 Ng6 22.Ra4 Nxe5
23.Qe4 Rxa3  1/2-1/2

[Event "11th Open A"]
[Site "Voesendorf AUT"]
[Date "2008.05.23"]
[Round "3"]
[White "Wagner,D"]
[Black "Amberger,D"]
[Result "0-1"]
[WhiteElo "1955"]
[BlackElo "2089"]

1.c4 e5 2.g3 Nf6 3.Nc3 Bb4 4.Bg2 O-O 5.e4 Bxc3 6.bxc3 c6 7.Ne2 d5 8.cxd5 cxd5
9.exd5 Nxd5 10.Qb3 Nb6 11.a4 Be6 12.Qc2 Bd5 13.O-O Bxg2 14.Kxg2 Qd5+ 15.f3 Nc6
16.Qe4 Rad8 17.Qxd5 Rxd5 18.d4 exd4 19.cxd4 Re8 20.Nc3 Rxd4 21.Kf2 Nc4 22.Ne4 f5
23.Nc3 Rd3 24.Ne2 N6e5 25.Ng1 Rc3 26.Kg2 Nd3 27.Rd1 Rc2+ 28.Kf1 Rf2+  0-1

[Event "LXXII ch-CRC Fase 1"]
[Site "Moravia CRC"]
[Date "2008.05.25"]
[Round "9"]
[White "Barrios Zamora,C"]
[Black "Bermudez,S"]
[Result "0-1"]
[WhiteElo "2061"]
[BlackElo "2180"]

1.c4 e5 2.g3 Nf6 3.Bg2 d5 4.cxd5 Nxd5 5.Nf3 Nc6 6.O-O Be7 7.d3 O-O 8.Nbd2 Be6
9.a3 a5 10.b3 Nd4 11.Bb2 c5 12.Nxe5 Bf6 13.Bxd4 cxd4 14.Bxd5 Bxd5 15.Nef3 Re8
16.Re1 Qd7 17.Kg2 g5 18.h3 h5 19.Kh2 g4 20.Ng1 Qf5 21.f4 h4 22.Nf1 Re3 23.Nxe3 dxe3
24.Rf1 Kh7 25.Nf3 hxg3+  0-1

[Event "Guillermo Garcia Mem"]
[Site "Santa Clara CUB"]
[Date "2008.05.27"]
[Round "9"]
[White "Nogueiras Santiago,J"]
[Black "Hernandez Carmenates,Hold"]
[Result "1/2-1/2"]
[WhiteElo "2559"]
[BlackElo "2568"]

1.c4 e5 2.g3 Nc6 3.Bg2 Nf6 4.Nc3 Bb4 5.Nd5 Bc5 6.e3 O-O 7.Ne2 Re8 8.O-O d6
9.d4 Bb6 10.Nxb6 axb6 11.d5 Ne7 12.e4 Bd7 13.Nc3 Ng6 14.f3 h6 15.Be3 Nh7
16.b4 f5 17.exf5 Bxf5 18.a4 Nf6 19.Ne4 Rf8 20.Qb3 Nxe4 21.fxe4 Bd7 22.a5 Rxf1+
23.Rxf1 bxa5 24.bxa5 Rxa5 25.Qxb7 Qc8 26.Qxc8+ Bxc8 27.Rc1 Ra3 28.Bf2 c5
29.dxc6 Ra6 30.c7 Rc6 31.Rd1 Rxc7 32.Rxd6 Rxc4 33.Bf1 Rc1 34.Be3 Rxf1+ 35.Kxf1 Kf7
36.Bd2 Nf8 37.Kf2 Bh3 38.Bc3 Nd7 39.Kf3 h5 40.Rd5 Ke6 41.Ra5 Kf6 42.Bd2 Kf7
43.Bg5 Ke6 44.Ra6+ Kf7 45.Ke3 Nf6 46.Bxf6 gxf6 47.Rb6 Kg6 48.Rb2 Kg5 49.Rf2 f5
50.Ra2 Kf6 51.Ra6+ Kg5 52.Ra7 Kg6 53.Re7 Kf6 54.Rh7 Kg6 55.Rh8 Kg5 56.Re8 Kf6
57.Rh8 Kg5 58.exf5 Bxf5 59.h4+ Kg4 60.Kf2 Bg6 61.Rf8 Bh7 62.Rf6 Bc2 63.Rh6 Bd1
64.Rd6 Bc2 65.Rd8 Kf5 66.Rf8+ Ke6 67.Ke3 Bg6 68.Kd2 Ke7 69.Rf2 Ke6 70.Kc3 Be4
71.Kc4 Bh1 72.Kc5 e4 73.Kd4 Bf3 74.Ke3 Kf5 75.Rb2 Kg4 76.Kf2 e3+ 77.Kxe3 Kxg3
78.Rb1 Bg4 79.Rh1 Kg2 80.Rc1 Kg3 81.Rg1+ Kxh4 82.Kf4 Bh3  1/2-1/2

[Event "Doroshkevich mem"]
[Site "Maykop RUS"]
[Date "2008.05.30"]
[Round "7"]
[White "Kondenko,A"]
[Black "Dashko,A"]
[Result "0-1"]
[WhiteElo "2241"]
[BlackElo "2357"]

1.c4 e5 2.g3 Nf6 3.Bg2 d5 4.cxd5 Nxd5 5.Nc3 Nb6 6.Nf3 Nc6 7.O-O Be6 8.d3 Be7
9.Bd2 Qd7 10.a4 a6 11.a5 Nd5 12.Qa4 f6 13.Rfc1 g5 14.Ne4 h5 15.e3 O-O-O 16.d4 g4
17.Nh4 exd4 18.exd4 Rhg8 19.Nc5 Bxc5 20.dxc5 Qf7 21.Re1 Nde7 22.Be3 Bd5 23.b4 Bxg2
24.Kxg2 Qc4 25.b5 Qxa4 26.Rxa4 axb5 27.Ra3 Nd5 28.Rb1 b4 29.Rab3 Nxa5 30.Rxb4 Nxb4
31.Rxb4 Nc6 32.Rf4 Ne7 33.Ra4 Rd5 34.Bd4 Kd7 35.h3 f5 36.Be3 Ng6 37.Nxg6 Rxg6
38.Ra8 Re6 39.Bf4 Rxc5 40.Rh8 b5 41.Rxh5 gxh3+ 42.Kxh3 b4  0-1

[Event "XXX Nezhmetdinov Mem"]
[Site "Kazan RUS"]
[Date "2008.06.03"]
[Round "3"]
[White "Gubajdullin,A"]
[Black "Kalegin,E"]
[Result "0-1"]
[WhiteElo "2456"]
[BlackElo "2510"]

1.c4 e5 2.g3 Nf6 3.Bg2 d6 4.Nc3 g6 5.Nf3 Bg7 6.O-O O-O 7.d3 Nc6 8.Rb1 a5
9.a3 h6 10.b4 axb4 11.axb4 Be6 12.b5 Ne7 13.Qb3 Qd7 14.Ba3 Bh3 15.c5 Be6
16.Qb2 e4 17.Nd4 exd3 18.Bxb7 dxe2 19.Ndxe2 Rab8 20.c6 Qd8 21.Rfd1 Nfd5 22.Qc1 Nb6
23.Nf4 Bg4 24.Re1 Re8 25.Ne4 Nf5 26.Nc3 Bf3 27.Nd3 Nd4 28.Bb2 Ne2+ 29.Nxe2 Bxe2
30.Bxg7 Kxg7 31.Qb2+ Qf6 32.Qxf6+ Kxf6 33.Rb4 d5 34.Nf4 Kg7  0-1

[Event "XXX Nezhmetdinov Mem"]
[Site "Kazan RUS"]
[Date "2008.06.04"]
[Round "4"]
[White "Askarov,M"]
[Black "Borisenko,An"]
[Result "1-0"]
[WhiteElo "2522"]
[BlackElo "2429"]

1.c4 e5 2.g3 Nc6 3.Bg2 Bc5 4.e3 d6 5.Ne2 Nf6 6.d4 Bb6 7.b4 Nxb4 8.Qa4+ c6
9.O-O a5 10.Bd2 O-O 11.dxe5 Bg4 12.f3 dxe5 13.fxg4 Nxg4 14.Qb3 Nd3 15.c5 Nxc5
16.Qc4 Nf6 17.Kh1 Qd3 18.Qxd3 Nxd3 19.Na3 Bc7 20.Rab1 Ra7 21.Nc2 Rd8 22.Bc3 Nd7
23.Ne1 N3c5 24.Rd1 f6 25.Nd3 Na4 26.g4 Raa8 27.g5 f5 28.Rxf5 Ndc5 29.Nf2 Rxd1+
30.Nxd1 Rd8 31.Rf1 Rd3 32.Ba1 Rd2 33.Nec3 Nxc3 34.Nxc3 Rc2 35.Ne4 Nd7 36.a3 b5
37.Nc3 e4 38.Nxe4 b4 39.Ng3 Be5 40.Be4 Rc5 41.axb4 axb4 42.Bd4 Bxd4 43.exd4 Rc4
44.Nf5 g6 45.Ne7+ Kg7 46.Nxc6  1-0

[Event "XXX Nezhmetdinov Mem"]
[Site "Kazan RUS"]
[Date "2008.06.04"]
[Round "4"]
[White "Kudriashova,I"]
[Black "Jusupov,T"]
[Result "0-1"]
[WhiteElo "2197"]
[BlackElo "2092"]

1.c4 e5 2.g3 d6 3.Bg2 f5 4.Nc3 Nf6 5.e3 c6 6.d4 Be7 7.Nge2 O-O 8.O-O Be6
9.d5 cxd5 10.Nxd5 Nxd5 11.Bxd5 Qc8 12.b3 Na6 13.Bb2 Nc7 14.Bxe6+ Qxe6 15.Nc3 Rad8
16.Nd5 Nxd5 17.Qxd5 Qxd5 18.cxd5 Rc8 19.Rac1 Kf7 20.f3 g6 21.e4 Bf6 22.Ba3 Ke7
23.Rfe1 Kd7 24.Rc4 fxe4 25.fxe4 Rxc4 26.bxc4 Rc8 27.Rf1 Be7 28.Rc1 Bg5 29.Rb1 b6
30.Rb4 Bd2 31.Ra4 Be3+ 32.Kf1 a5 33.Ke2 Bg1 34.Bc1 Rf8 35.Be3 Bxe3 36.Kxe3 Rf1
37.Ra3 Rc1 38.Rb3 Rc2 39.Rxb6 Rxh2 40.a4 Rg2 41.Rb7+ Kc8 42.Rxh7 Rxg3+ 43.Kd2 Ra3
44.Rg7 Rxa4 45.Rxg6 Rxc4 46.Rxd6 Rxe4 47.Kc3 Kc7 48.Re6 a4 49.Kb2 Re3 50.Ka2 a3
51.Ka1 Re2 52.Kb1 a2+ 53.Ka1 e4 54.d6+ Kd7 55.Re7+ Kxd6 56.Rd7+  0-1

[Event "XVI Lasker Mem Open A"]
[Site "Barlinek POL"]
[Date "2008.06.05"]
[Round "6"]
[White "Danielsen,Hen"]
[Black "Bronowicki,M"]
[Result "1-0"]
[WhiteElo "2510"]
[BlackElo "2307"]


1.c4 e5 2.g3 Nf6 3.Bg2 c6 4.d4 e4 5.Nc3 d5 6.cxd5 cxd5 7.Bg5 Bb4 8.f3 exf3
9.Nxf3 h6 10.Bxf6 Qxf6 11.O-O Bxc3 12.Ne5 Qb6 13.bxc3 Be6 14.Rb1 Qc7 15.c4  1-0

[Event "115th ch-SCO"]
[Site "Glasgow SCO"]
[Date "2008.06.06"]
[Round "2"]
[White "MacDonald,C"]
[Black "Macrae,J"]
[Result "1-0"]
[WhiteElo "2100"]
[BlackElo "1763"]

1.c4 e5 2.g3 Nf6 3.Bg2 Be7 4.Nc3 d6 5.e4 c6 6.Nge2 Nbd7 7.O-O O-O 8.h3 Nb6
9.d3 d5 10.b3 dxe4 11.dxe4 Qxd1 12.Rxd1 Be6 13.Be3 Rfd8 14.f4 exf4 15.gxf4 Rxd1+
16.Rxd1 Rd8 17.Rxd8+ Bxd8 18.Nd4 Bd7 19.Kh2 g6 20.Bf3 h5 21.Kg2 Nh7 22.Nce2 Nc8
23.Nc1 c5 24.Nde2 b6 25.Nc3 Ne7 26.Nd5 Nxd5 27.cxd5 Nf6 28.Nd3 Bc7 29.Bd2 Bc8
30.Nb2 b5 31.e5 Nd7 32.d6 Bb6 33.a4 a6 34.Bc6 bxa4 35.Nxa4 Ba7 36.Be3 Nb8
37.Bd5 Nd7 38.b4 Nb6 39.Nxb6 Bxb6 40.bxc5 Bd8 41.c6  1-0

[Event "XXX Nezhmetdinov Mem"]
[Site "Kazan RUS"]
[Date "2008.06.06"]
[Round "6"]
[White "Gubajdullin,A"]
[Black "Gerasimov,I"]
[Result "1-0"]
[WhiteElo "2456"]
[BlackElo "2307"]

1.c4 e5 2.g3 Nf6 3.Bg2 Nc6 4.Nc3 Bb4 5.Nf3 O-O 6.O-O Re8 7.d3 d6 8.Bg5 Bxc3
9.bxc3 h6 10.Bc1 e4 11.Nd4 Ne5 12.f4 Ned7 13.h3 Nc5 14.g4 Nh7 15.Nb3 exd3
16.exd3 Qh4 17.Nxc5 dxc5 18.Bd2 Qd8 19.Be1 Rb8 20.d4 Be6 21.Qd3 Qd6 22.f5 Bc8
23.Bg3 Qd8 24.Rad1 b6 25.dxc5 Qxd3 26.Rxd3 Ba6 27.Rd7 Bxc4 28.Rf2 bxc5 29.Rxc7 Rbc8
30.Rxa7 Nf6 31.Rc7 Rxc7 32.Bxc7 Nd5 33.Bd6 Re1+ 34.Kh2 Ne3 35.Bxc5 Nxg2 36.Kxg2 Rc1
37.Bb4 Ra1 38.a3 Bb5 39.Kh2  1-0

[Event "FSIM June"]
[Site "Budapest HUN"]
[Date "2008.06.07"]
[Round "1"]
[White "Galyas,M"]
[Black "Lyell,M"]
[Result "1/2-1/2"]
[WhiteElo "2455"]
[BlackElo "2237"]

1.c4 e5 2.g3 Nc6 3.Bg2 f5 4.Nc3 Nf6 5.d3 Bb4 6.Bd2 O-O 7.Nf3 d6 8.O-O Qe8
9.a3 Bxc3 10.Bxc3 Qh5 11.e3 f4 12.exf4 Bg4 13.h3 Bxh3 14.Nxe5 Qxd1 15.Raxd1 Bxg2
16.Kxg2 dxe5 17.fxe5 Ng4 18.Rde1 Rad8 19.Re4 Ngxe5 20.Bxe5 Nxe5 21.Rxe5 Rxd3
22.Re7 Rd2 23.Rxc7  1/2-1/2

[Event "FSGM June"]
[Site "Budapest HUN"]
[Date "2008.06.10"]
[Round "4"]
[White "Czebe,A"]
[Black "Kobese,W"]
[Result "1-0"]
[WhiteElo "2513"]
[BlackElo "2396"]

1.c4 e5 2.g3 Nf6 3.Bg2 Nc6 4.Nc3 Bc5 5.a3 d6 6.b4 Bd4 7.Bb2 a6 8.e3 Ba7 9.Nge2 h5
10.h3 Bf5 11.d3 Qd7 12.Nd5 Nxd5 13.cxd5 Ne7 14.d4 f6 15.e4 Bg6 16.O-O h4
17.g4 c6 18.dxc6 Nxc6 19.Kh2 Bf7 20.d5 Ne7 21.f4 exf4 22.Nxf4 Be3 23.Nh5 Bxh5
24.gxh5 O-O 25.Bc1 Bxc1 26.Qxc1 Rac8 27.Qb2 Rc4 28.Rf2 Qe8 29.Bf3 Nc8 30.Rg1 Qe5+
31.Qxe5 dxe5 32.Bg4 Nd6 33.h6 g5 34.Be6+ Kh7 35.Rxg5 Nxe4 36.Rg4 Nxf2 37.Rxc4 Rd8
38.Kg2 Nd1 39.Kf3 Kxh6 40.Rc2 f5 41.Ke2  1-0

[Event "115th ch-SCO"]
[Site "Glasgow SCO"]
[Date "2008.06.11"]
[Round "7"]
[White "MacDonald,C"]
[Black "Burnett,W"]
[Result "1-0"]
[WhiteElo "2100"]
[BlackElo "2035"]

1.c4 e5 2.g3 Nc6 3.Bg2 g6 4.Nc3 Bg7 5.e4 h5 6.h4 d6 7.Nge2 Be6 8.d3 Qd7 9.Nd5 Nce7
10.d4 c6 11.Ne3 f5 12.d5 Bf7 13.f3 Nh6 14.Bh3 Bf6 15.Nc3 Rd8 16.Ng2 Qc7 17.Be3 Kf8
18.Rc1 Kg7 19.b4 a5 20.a3 Bg8 21.Na4 Nc8 22.Bxh6+ Rxh6 23.exf5 axb4 24.axb4 Nb6
25.O-O Ra8 26.Nxb6 Qxb6+ 27.c5 Qxb4 28.dxc6 bxc6 29.cxd6 Bd5 30.d7 g5 31.hxg5 Bxg5
32.Rb1 Qc5+ 33.Kh1 Ra7 34.Rb8 h4 35.gxh4 Rxd7 36.f6+ Bxf6 37.Bxd7 Bxh4 38.Nxh4 Qe7
39.Rg1+ Kf7 40.Be8+ Ke6 41.Rg6+ Rxg6 42.Nxg6 Qg5 43.Rb4 Qg3 44.Nh4 Kf6 45.Qd2 Qh3+
46.Kg1 Qg3+ 47.Ng2 Ke7 48.Bh5  1-0

[Event "IM"]
[Site "Perm RUS"]
[Date "2008.06.11"]
[Round "1"]
[White "Matveeva,O"]
[Black "Ostanin,V"]
[Result "1-0"]
[WhiteElo "2200"]
[BlackElo "2259"]

1.c4 e5 2.g3 Nc6 3.Bg2 g6 4.Nc3 Bg7 5.e3 d6 6.d3 f5 7.Nge2 Nf6 8.Rb1 a5 9.a3 O-O
10.O-O Ne7 11.b4 axb4 12.axb4 c6 13.Qb3 Be6 14.b5 Qc7 15.Bd2 Nd7 16.Na4 g5
17.f4 gxf4 18.gxf4 Ng6 19.Nac3 Nc5 20.Qc2 Nh4 21.Bh1 e4 22.dxe4 Bxc4 23.Rb4 Bd3
24.Qd1 fxe4 25.Nxe4 Ra1 26.Bc1 Bxe4 27.Bxe4 Nxe4 28.Rxe4 d5 29.Ra4 Rxa4 30.Qxa4 c5
31.Qa2 Qd7 32.Ng3 c4 33.b6 Qc6 34.f5 Nxf5 35.Rxf5 Rxf5 36.Nxf5 Qg6+ 37.Ng3 Qxb6
38.Qa8+ Kf7 39.Qc8 Qb1 40.Qd7+ Kg6  1-0

[Event "115th ch-SCO"]
[Site "Glasgow SCO"]
[Date "2008.06.12"]
[Round "8"]
[White "MacDonald,C"]
[Black "Donohue,T"]
[Result "1-0"]
[WhiteElo "2100"]
[BlackElo "1855"]

1.c4 e5 2.g3 Nf6 3.Bg2 d5 4.cxd5 Nxd5 5.Nf3 Nc6 6.O-O Nb6 7.d3 Be7 8.Nbd2 O-O
9.a3 a5 10.b3 Be6 11.Bb2 f6 12.Qc2 Rf7 13.Rfd1 Bf8 14.e3 Rd7 15.d4 exd4 16.Bxd4 Qe8
17.Bxb6 cxb6 18.Nc4 Rxd1+ 19.Rxd1 Rd8 20.Rxd8 Qxd8 21.a4 Bc5 22.h4 Qd7 23.Nfd2 Nb4
24.Qc3 Qd3 25.Qxd3 Nxd3 26.Bxb7 Nc1 27.Ba6 Bb4 28.Nf3 Nxb3 29.Nxb6 Bc3 30.Kf1 Kf8
31.Bc4 Bg4 32.Bxb3 Bxf3 33.Bd5 Bd1 34.Be4 Kg8 35.Bc6 Bg4 36.f3 Bf5 37.Nd5 Bd3+
38.Kf2 Bd2 39.Bb5 Bc2 40.Ke2 Bc1 41.e4 Kf8 42.Nb6 Ba3 43.g4 h5 44.gxh5 Bb3
45.Bc4 Bxc4+ 46.Nxc4 Bb4 47.Ke3 Kg8 48.Kf4  1-0

[Event "IM"]
[Site "Perm RUS"]
[Date "2008.06.13"]
[Round "3"]
[White "Terekhin,A"]
[Black "Ostanin,V"]
[Result "0-1"]
[WhiteElo "2336"]
[BlackElo "2259"]

1.c4 e5 2.g3 Nc6 3.Bg2 g6 4.Nc3 Bg7 5.Rb1 a5 6.e3 d6 7.Nge2 Nge7 8.a3 Bg4
9.d3 Qd7 10.Nd5 O-O 11.h3 Be6 12.Nec3 f5 13.Qa4 Rab8 14.Bd2 g5 15.Nxe7+ Nxe7
16.Qxd7 Bxd7 17.Nd5 Nxd5 18.Bxd5+ Kh8 19.Bxa5 b6 20.Bb4 Rbe8 21.Bg2 f4 22.Be4 Re6
23.h4 g4 24.O-O f3 25.Bc3 Rh6 26.Rfd1 Bf5 27.Bxf5 Rxf5 28.e4 Rfh5 29.d4 exd4
30.Bxd4 Re6 31.Bxg7+ Kxg7 32.Rd4 Rhe5 33.Re1 Kf6 34.b4 Ke7 35.b5 Kd7 36.Kf1 Re8
37.Re3 h5 38.Ke1 c5 39.bxc6+ Kxc6 40.Kd2 Kc5 41.Rd5+ Rxd5+ 42.cxd5 Kd4 43.Rd3+ Ke5
44.Rb3 Ra8 45.Rxb6 Rxa3 46.Rb1 Kxe4  0-1

[Event "4th IRT Soc. Italiana"]
[Site "Merlo ARG"]
[Date "2008.06.18"]
[Round "2"]
[White "Herrera,P"]
[Black "Medina,S"]
[Result "1/2-1/2"]
[WhiteElo "2114"]
[BlackElo "2099"]

1.c4 e5 2.g3 Nc6 3.Bg2 f5 4.Nc3 Nf6 5.d3 Bb4 6.Nf3 d6 7.O-O Bxc3 8.bxc3 O-O
9.Rb1 Qe8 10.Nd2 Nd8 11.Ba3 f4 12.c5 fxg3 13.fxg3 dxc5 14.Bxc5 Rf7 15.Ne4 Nxe4
16.Bxe4 c6 17.Rxf7 Qxf7 18.Qf1 Qe8 19.Qf3 Ne6 20.Be3 Qe7 21.Qh5 Nf8 22.Rf1 g6
23.Qh4 Qxh4 24.gxh4 Bg4 25.Rb1 Bc8 26.Bc5 Nd7 27.Bd6 Kf7 28.h5 Ke6 29.hxg6 hxg6
30.Bc7 Nf8 31.Rf1 Bd7 32.Bg2 Rc8 33.c4 Rxc7 34.Rxf8 c5 35.Bd5+ Ke7 36.Rf7+ Kd8
37.Rg7 Be8 38.Rxc7 Kxc7 39.h4 Kd6 40.Bxb7 Ke6 41.Kf2 Kf5 42.Bc8+ Kf6 43.Ke3 Bc6
44.Bg4 a5 45.Bf3 Bd7 46.Be4 Bg4 47.Kd2 g5 48.hxg5+ Kxg5 49.e3 Kf6 50.Bc6 Ke6
51.Kc3 Kd6 52.Be4 Be6 53.Kb3 Bd7 54.Bd5 Be8 55.Kc3 Bg6 56.Bb7 Bf5 57.d4 Bb1
58.a3 Bf5 59.Ba6 Bg4 60.Bb5 Bh5 61.Ba4 Bg6 62.Bd1 Be4 63.Be2 Bc6 64.d5 Be8
65.Kd2 Bg6 66.Bd3 Bh5 67.Ke1 Be8 68.Kf2 Bh5 69.Kg3 Bd1 70.Kh4 Ba4 71.Kg5 Be8
72.Bc2 Bd7 73.Kf6 Bg4 74.Bd3 Bh5 75.Bf1 Bd1 76.Kf7 Bh5+ 77.Kf8 Bg6 78.Be2 Kd7
79.Bd1 Bd3 80.Ba4+ Kd6  1/2-1/2

[Event "White Nights Open"]
[Site "St Petersburg RUS"]
[Date "2008.06.21"]
[Round "1"]
[White "Khropov,B"]
[Black "Tukan,E"]
[Result "1/2-1/2"]
[WhiteElo "2247"]
[BlackElo "1952"]

1.c4 e5 2.g3 d6 3.Bg2 Nc6 4.Nc3 f5 5.d3 Nf6 6.Nf3 Be7 7.O-O O-O 8.Rb1 Qe8
9.b4 a6 10.a4 Qh5 11.b5 axb5 12.axb5 Nd4 13.Nxd4 exd4 14.Nd5 Nxd5 15.Bxd5+ Kh8
16.Bb2 Bf6 17.Bf3 Qg5 18.Ra1 Rb8 19.Bc1 Qg6 20.Bf4 Be5 21.Qd2 Bd7 22.Ra7 c6
23.Rb1 Qe8 24.bxc6 Bxc6 25.Bxc6 bxc6 26.Rbb7 Rxb7 27.Rxb7 Qc8 28.Ra7 Qb8
29.Qa5 Bxf4 30.gxf4 Qe8 31.Qc7 Rg8 32.Qe7 Qh5 33.Rd7 Qg4+ 34.Kf1 Qh3+ 35.Ke1 Qxh2
36.Rd8 h6 37.Rxg8+ Kxg8 38.Qe6+ Kh8 39.Qc8+ Kh7 40.Qxf5+ Kh8 41.Qf8+ Kh7
42.Qxd6 Qg1+ 43.Kd2 Qa1  1/2-1/2